Combined Ligand and Structure based studies to Modulate L-type Amino Acid Transporter 1 in Cancer. (Record no. 591180)

000 -LEADER
fixed length control field 00454nam a22001457a 4500
027 ## - STANDARD TECHNICAL REPORT NUMBER
Qualifying information Hard Cover.
040 ## - CATALOGING SOURCE
Transcribing agency SINES-NUST.
082 ## - DEWEY DECIMAL CLASSIFICATION NUMBER
Classification number 570.2
Author Mark GUL
100 ## - MAIN ENTRY--PERSONAL NAME
Personal name Rabia Gulzar.
9 (RLIN) 97838
245 ## - TITLE STATEMENT
Title Combined Ligand and Structure based studies to Modulate L-type Amino Acid Transporter 1 in Cancer.
Statement of responsibility, etc. Gulzar, Rabia
260 ## - PUBLICATION, DISTRIBUTION, ETC.
Place of publication, distribution, etc. Islamabad:
Name of publisher, distributor, etc. SINES-NUST,
Date of publication, distribution, etc. 2022.
300 ## - PHYSICAL DESCRIPTION
Extent 105 p. :
Other physical details ill. ;
Dimensions 30cm.
650 ## - SUBJECT ADDED ENTRY--TOPICAL TERM
General subdivision MS-Bioinformatics.
942 ## - ADDED ENTRY ELEMENTS (KOHA)
Source of classification or shelving scheme
Koha item type Thesis
Holdings
Withdrawn status Lost status Source of classification or shelving scheme Damaged status Not for loan Permanent Location Current Location Shelving location Date acquired Total Checkouts Full call number Barcode Date last seen Price effective from Koha item type
          School of Interdisciplinary Engineering and Sciences (SINES) School of Interdisciplinary Engineering and Sciences (SINES) Thesis 08/17/2022   570.2 GUL RCMS003338 08/17/2022 08/17/2022 Reference
© 2023 Central Library, National University of Sciences and Technology. All Rights Reserved.